[Event "SVK-ch"]
[Site "Kaskady"]
[Date "2002.07.04"]
[Round "8"]
[White "Movsesian, Sergei"]
[Black "Romanishin, Oleg M"]
[Result "1/2-1/2"]
[WhiteElo "2624"]
[BlackElo "2571"]
[Annotator "Postny,E"]
[PlyCount "98"]
[EventDate "2002.06.27"]
[EventType "tourn"]
[EventRounds "11"]
[EventCountry "SVK"]
[EventCategory "12"]
[SourceTitle "CBM 090"]
[Source "ChessBase"]
[SourceDate "2002.09.20"]
[SourceVersion "1"]
[SourceVersionDate "2002.09.20"]
[SourceQuality "1"]

1. e4 e5 2. Nf3 Nc6 3. d4 exd4 4. Nxd4 Bc5 5. Be3 Qf6 6. c3 Qg6 (6... Nge7 {
- the main line.}) 7. Qf3 Nxd4 {Straight from the early stage Romanishin goes
for a non-theoretical line. However this exchange is risky from a positional
point of view, since it allows white to get strong pawns in the centre.} ({
Dubious is} 7... d6 $6 {in view of} 8. Nb5 $1 {- see the game Ponomariov,
R-Winants,L/EUCup 16th Neum 2000/CBM 80 [Postny]}) ({The main and the best
move seems to be} 7... Ne5 {. For example see the game Ponomariov,R-Sokolov,I/
Istanbul ol 2000/CBM 80 [Postny]}) 8. cxd4 $1 $146 {This recapture is
certainly more logical, then 8.Bxd4.} (8. Bxd4 Bxd4 9. cxd4 Ne7 10. Nc3 O-O 11.
Bc4 d6 12. O-O Kh8 13. h3 Be6 14. Bxe6 fxe6 15. Qe3 $11 {1-0 Everstova,
G-Kosintseva,N/Kolontaevo 1997/EXT 99 (21)}) 8... Bb4+ (8... Qb6 $2 {does not
work due to} 9. dxc5 Qxb2 10. Bc4 Nf6 11. Qd1 $1 Qxa1 12. Bd4 $18 {[%csl Ra1]})
9. Nc3 ({Comes into consideration} 9. Bd2 $14) 9... Ne7 (9... Nf6 $6 10. e5)
10. Bd3 ({Just a waste of tempo for white would be:} 10. a3 $6 Bxc3+ 11. bxc3
d5) (10. Bc4 {does not stop from black to play} d5 $1 11. exd5 Bg4 12. Qf4
O-O-O 13. d6 Rxd6 14. Bxf7 Nd5 15. Bxg6 Nxf4 16. Bxf4 Rxg6 $44) 10... d5 11.
O-O ({After} 11. Bf4 Bg4 12. Qe3 O-O-O {black is O.K.}) 11... O-O (11... Bg4 $5
12. Qf4 Bh3 13. Qg5 Qxg5 14. Bxg5 Be6 {and black has got a reasonable position.
}) 12. Bf4 Bxc3 $6 {Black should better keep the B in order to find more
suitable moment for this exchange.} (12... Bg4 13. Qe3 c6 14. f3 (14. a3 Bxc3
15. bxc3 {compared to the text, black has extra tempo here.}) (14. exd5 Bf5 15.
Bxf5 Nxf5 $11) 14... Bd7 $14) 13. bxc3 Bg4 14. Qe3 c6 {Other continuation do
not bring black sufficient counterplay as well:} (14... Rae8 15. Bxc7 (15. f3
dxe4 16. fxe4 Nf5 17. Qd2 Nd6 18. e5 Bf5 $14) 15... Nf5 16. Qf4 (16. exf5 $6
Rxe3 17. fxg6 Rxd3 $132) 16... dxe4 17. Bxe4 Nxd4 18. Bxg6 Ne2+ 19. Kh1 Nxf4
20. Bb1 $1 $16 {[%csl Rf4,Rf8][%cal Gc7d6]}) (14... Rfe8 15. f3 $16 (15. Bxc7
$2 Nf5 16. Qf4 dxe4 17. Bxe4 Nxd4 18. Rfe1 (18. Bxg6 Ne2+ 19. Kh1 Nxf4 $11)
18... Rxe4 19. Qxe4 Nf3+ 20. Kh1 Nxe1 $11)) 15. f3 $6 ({Simplier was just to
take the pawn:} 15. exd5 Bf5 (15... Nxd5 16. Bxg6 Nxe3 17. Bxh7+ Kxh7 18. fxe3
$16) 16. Bxf5 (16. dxc6 $2 Bxd3 17. cxb7 Nd5 18. bxa8=Q Nxe3 19. Qxf8+ Kxf8 20.
Bxe3 Bxf1 21. Rxf1 Qc2 $132) 16... Nxf5 17. Qf3 $16) 15... Bd7 16. Qd2 (16.
exd5 Bf5 $1 (16... Nxd5 17. Bxg6 Nxe3 18. Bxh7+ Kxh7 19. Bxe3 $16) 17. Qxe7 (
17. dxc6 $2 Bxd3 18. cxb7 Bxf1 19. Rxf1 Nd5 20. bxa8=Q Nxe3 21. Qxf8+ Kxf8 22.
Bxe3 Qe6 $15 {[%csl Ra2,Re3]}) 17... Bxd3 18. Rfe1 $14) 16... f5 $1 {A logical
attempt to get a counterplay, although this move weakens some black squares in
black's camp.} 17. exd5 Nxd5 18. Be5 Qf7 19. c4 $6 {The P on c4 will become a
target for black's pieces.} (19. Rfe1 Nb6 {[%csl Yc4]} 20. Qg5 $5 h6 21. Qg3 {
with strong initiative.}) 19... Nb6 {[%csl Rc4]} 20. Qc3 Be6 {[%csl Rc4]} 21.
Rfc1 {The necessity of the defense of Pc4 is on white. This obviously
restricts his possibilities.} Nd7 $14 22. Bf4 Rfe8 23. a4 ({Possible is} 23.
Rab1) 23... Nf8 24. Re1 (24. Rab1 Ng6 25. Bg3 Rad8 26. Rb2 Rd7 $14) 24... Ng6
25. Bd6 Rad8 26. c5 {Securing the d6 stronghold, but giving the d5 square to
black's hands forever.} Bd5 27. a5 {[%cal Ga5a6]} a6 28. Rab1 Nh4 29. Kf2 f4 {
Black is playing aggressively, but this move has it's drawbacks as well...} (
29... Qg6 30. Bf1) (29... Rxe1 30. Qxe1 $1 (30. Rxe1 Re8 $14) 30... Qg6 (30...
Re8 $2 31. Rxb7 $1) 31. Bf1) 30. Qd2 g5 31. Rxe8+ $2 {This exchange spoiles
all white's attacking chances in this position.} ({There were two possible
ideas for white:} 31. Re5 Rxe5 32. dxe5) (31. Be4) 31... Rxe8 32. Re1 Rxe1 33.
Qxe1 Qe6 34. Qxe6+ Bxe6 {In this endgame white can not exploit the strength of
his BB. The position on the queenside is completely closed and white can not
attack black's queenside PP.} 35. g3 Ng6 36. Kg2 ({Interesting practical
chance was:} 36. d5 Bxd5 (36... cxd5 $2 37. c6 $1 bxc6 (37... Bc8 38. Bf5 $1
$18) 38. Bxa6 $18 {[%csl Ga5]}) 37. Bf5 Kf7 38. Bc8 Bc4 39. Bxb7 Bb5 {and
black should hold the endgame.}) 36... Kf7 37. h4 gxh4 38. Bxf4 hxg3 (38...
Nxf4+ 39. gxf4 Kf6 40. Bxh7 Bf5 41. Bg8 Be6 $11) 39. Kxg3 Ne7 40. Be5 Bf5 41.
Be2 Kg6 42. Bd6 Nd5 {Black succeeded in regrouping his pieces. The draw is
inevitable.} 43. Kh4 Ne3 44. Bf4 Nd5 45. Be5 Ne3 46. Kg3 Be6 47. Kf2 Nf5 48.
Bd3 h5 49. Kg2 Bd5 1/2-1/2

[Event "EU-ch 3rd"]
[Site "Batumi"]
[Date "2002.06.13"]
[Round "2"]
[White "Sulskis, Sarunas"]
[Black "Radulski, Julian"]
[Result "1-0"]
[WhiteElo "2577"]
[BlackElo "2501"]
[Annotator "Postny,E"]
[PlyCount "89"]
[EventDate "2002.06.12"]
[EventType "swiss"]
[EventRounds "13"]
[EventCountry "GEO"]
[SourceTitle "CBM 090"]
[Source "ChessBase"]
[SourceDate "2002.09.20"]
[SourceVersion "1"]
[SourceVersionDate "2002.09.20"]
[SourceQuality "1"]

1. e4 e5 2. Nf3 Nc6 3. d4 exd4 4. Nxd4 Nf6 5. Nxc6 bxc6 6. e5 Qe7 7. Qe2 Nd5 8.
c4 Nb6 9. Nd2 Qe6 10. Qe4 $6 {This move is standart for this variation, but in
this particular position it's not recommended. The main move is 10.b3.} Bb4 {
The most principal way to meet white's setup.} 11. a3 $1 $146 ({After} 11. Be2
Ba6 {black got excellent play in the game Timman,J-Adams,M/Sarajevo 1999/CBM
71 [Mikhalevski,V]}) 11... f5 (11... d5 12. cxd5 Bxd2+ 13. Bxd2 cxd5 14. Qe3
$14) (11... Bxd2+ $5 12. Bxd2 Ba6 13. b3 d5) 12. Qc2 $6 {A strange decision.} (
12. Qf4 Bxd2+ 13. Bxd2 d6 14. Qe3 Qxe5 15. Qxe5+ dxe5 16. Bc3 $44) 12... Qxe5+
13. Be2 Bxd2+ $2 {A completely irrelevant decision. Black gives his good B and
assists to white's development as well.} ({After logical} 13... Be7 14. Nf3 Qe4
{white's compensation for the pawn is not sufficient.}) 14. Bxd2 O-O 15. Bc3
$44 {[%csl Gc3]} Qe4 (15... Qe6 $6 16. O-O c5 17. Rfe1 Qf7 18. b4 {with a
strong initiative.}) 16. O-O-O Qxc2+ (16... Qf4+ 17. Qd2 Qxf2 $2 (17... Qxd2+ {
is similar to the game.}) 18. Qg5 $18) 17. Kxc2 {Despite being a pawn ahead,
black has to be careful, since white's BB are very strong.} Bb7 $2 {Later in
the game this B will be black's main problem, so it was better to play more
actively.} (17... Ba6 18. Rhe1 Rfe8 19. Bd3 g6 20. b3 d5 {and black is O.K.}) {
[%tqu "En","How should white continue?","","","c4c5","A very important move.
From now on the black B looks quite miserable.",15]} 18. c5 $1 {A very
important move. From now on the black B looks quite miserable.} Nd5 19. Bc4
Rfe8 20. h4 Re4 (20... a5 {[%cal Yb7a6]} 21. h5 Ba6 22. Rxd5 $1 cxd5 23. Bxd5+
Kf8 24. h6 gxh6 25. Bxa8 Rxa8 26. Bxa5 {with good winning chances.}) 21. Bd3
Re7 (21... Rf4 $5 {This move looks very awkward, but probably it was the best
practical choice.} 22. Rd2 Nxc3 23. Kxc3 d5 $14) 22. h5 Rae8 (22... a5 $5 {
[%cal Yb7a6]}) 23. Bd4 Nf4 {This move is a waste of time, however it's hard to
point out on a concrete plan for black.} (23... f4 24. h6 g6 25. Kd2 $16) 24.
Bc4+ Nd5 25. Rh3 $1 {[%csl Rb7][%cal Gh3b3]} Re4 26. Rb3 Ba8 {The black's B
worth absolutely nothing.} 27. h6 (27. Rb4 {[%cal Gb4a4,Ga4a7]} a6 $1 28. Ra4
Bb7) 27... g6 28. Re3 (28. Rb4 a6 29. Ra4 Bb7) 28... Bb7 $6 (28... Kf8 29. Bg7+
Ke7 30. Rxe4+ fxe4 31. Rd4 Kd8 32. Bxd5 cxd5 33. Ra4 $16) 29. Rdd3 {Now the
other white R is going to harass black's poor B.} Kf7 30. Rxe4 Rxe4 31. f3 Re2+
$2 {The R goes the wrong way.} ({The only chance for a counterplay was} 31...
Rh4 $1 32. g3 Rh2+ (32... Rxh6 $2 33. Rb3 $18 {[%csl Rb7]}) 33. Kb1 Bc8 34. Rb3
Rh1+ 35. Kc2 (35. Ka2 Rd1) 35... Rh2+ 36. Kd3 d6 {retaining chances for a draw.
}) 32. Kd1 Re8 (32... Rxg2 33. Rb3 $18 {[%csl Rb7]}) 33. Rb3 Ba8 {[%csl Ra8]} (
33... Bc8 34. Rb8 d6 35. cxd6 cxd6 36. Bxd5+ cxd5 37. Bxa7 $18) 34. Kd2 Ke7 35.
g4 fxg4 36. fxg4 Rf8 37. Bg7 Rf2+ (37... Re8 38. Rf3 {[%csl Gh6][%cal Gc4d3,
Gd3g6]}) 38. Ke1 Rc2 $2 ({The last chance to hold the position was} 38... Rf4
39. Be2 Re4 40. Kd2 {[%cal Gb3b8]} Kf7 {[%cal Ge4e8]}) 39. Bd3 $18 Rxc5 40. Rb8
Rc1+ 41. Kd2 Rg1 42. Bxg6 $1 {[%csl Gh6] This is even stronger, than 42.Ra8.}
Rg2+ 43. Ke1 Nb6 (43... hxg6 44. h7 Rh2 45. h8=Q Rxh8 46. Bxh8 Nb6 47. Bd4 {
[%csl Ra8][%cal Rd4b6] and white will remain with a rook up.}) 44. Re8+ Kd6 45.
Bf8+ (45. Bf8+ Kd5 46. Be4+ {[%csl Rg2]}) 1-0

[Event "Sigeman & Co 10th"]
[Site "Malmo"]
[Date "2002.06.11"]
[Round "6"]
[White "Timman, Jan H"]
[Black "Johannessen, Leif Erlend"]
[Result "1/2-1/2"]
[WhiteElo "2616"]
[BlackElo "2452"]
[Annotator "Postny,E"]
[PlyCount "82"]
[EventDate "2002.06.06"]
[EventType "tourn"]
[EventRounds "9"]
[EventCountry "SWE"]
[EventCategory "13"]
[SourceTitle "CBM 090"]
[Source "ChessBase"]
[SourceDate "2002.09.20"]
[SourceVersion "1"]
[SourceVersionDate "2002.09.20"]
[SourceQuality "1"]

1. e4 e5 2. Nf3 Nc6 3. d4 exd4 4. Nxd4 Nf6 5. Nxc6 bxc6 6. e5 Qe7 7. Qe2 Nd5 8.
c4 Nb6 9. Nd2 a5 {Besides black has several playable alternatives:} (9... Qe6)
(9... Bb7) (9... d5) 10. g3 (10. Qe4 d5 11. cxd5 cxd5 12. Bb5+ Bd7 13. Bxd7+
Qxd7 14. Qc2 Be7 15. O-O O-O $132 {0-1 Hector,J-Wedberg,T/Orebro 2000/CBM 77
ext (51)}) 10... Qe6 11. f4 $5 $146 {This brave move is new.} (11. Bg2 Bb4 12.
O-O O-O (12... Bxd2 13. Qxd2 Qxc4 14. b3 Qb4 15. Qxb4 axb4 16. Bd2 Nd5 17. Bxd5
cxd5 18. Rfc1 c6 19. Bxb4 $14 {1/2-1/2 Lautier,J-Emms,J/Harplinge 1998/CBM 67 
(55)}) 13. f4 Re8 14. b3 d5 15. Bb2 a4 16. Nf3 a3 17. Bd4 c5 18. Bf2 h6 19.
cxd5 Nxd5 20. Qc2 Ba6 $15 {0-1 Kreiman,B-Grinshpun,E/Budapest 1998/EXT 99 (32)}
) ({The main and probably the strongest move is} 11. b3 {. For example see
commented games: Hector,J-Wedberg,T/Sigeman & Co 2001/CBM 84 [Postny] and
Shabalov,A-Yurtaev,L/Elista ol 1998/CBM 66 [Mikhalevski,V]}) 11... Bb4 (11...
Ba6 12. b3 $13) 12. a3 (12. b3 $6 a4 $15) 12... Bxd2+ 13. Bxd2 Ba6 14. Rc1 O-O
$1 (14... Nxc4 $6 15. Rxc4 d5 16. f5 $1 (16. exd6 $4 Bxc4) 16... Qe7 (16...
Qxf5 17. Rf4 Qxf4 18. gxf4 Bxe2 19. Bxe2 {and in this particular position the
white BB are stronger, than black's R and two pawns.}) 17. Qf3 $1 Qxe5+ 18. Kd1
Bxc4 (18... dxc4 $2 19. Qxc6+ Ke7 20. Bxc4 Rhd8 (20... Bxc4 21. Re1 Bb3+ 22.
Kc1 Qxe1+ 23. Bxe1 $18 {[%csl Re7]}) 21. Re1 Rxd2+ 22. Kxd2 Rd8+ 23. Bd5 $18)
19. Bxc4 O-O $14) 15. Qe4 (15. Kf2 $2 Nxc4 $1 16. Rxc4 Qd5 17. Rg1 Bxc4 18.
Qxc4 Qxd2+) 15... Nxc4 $2 {Instead of this unsuccessful combination black had
two reasonable alternatives.} (15... d5 16. cxd5 (16. f5 $6 Qe7) 16... cxd5 17.
Qd4 Bxf1 18. Rxf1 Nc4 (18... f6 $6 19. Rxc7) 19. b3 Nxd2 20. Kxd2 $13) (15...
f5 16. Qc2 (16. Qd4 d6 17. c5 dxe5 $1 18. Qxe5 Qd7 {[%csl Re5]}) 16... d6 (
16... c5 17. Be2 Bb7 18. O-O $14) 17. c5 Qd5 $1 18. Rg1 Qd4 19. Rg2 Nd5 (19...
Bxf1 20. Kxf1 Nd5 21. cxd6 cxd6 22. exd6 $14) 20. Bxa6 Rxa6 $132) 16. Bxc4 d5
17. f5 $2 {Timman is trying to get maximum of the position, but objectively
speaking this is a serious mistake.} (17. Ba2 {or 17.Bb3} dxe4 18. Bxe6 fxe6
19. Bxa5 $16 {White has better chances in the endgame.} ({but not} 19. Rxc6 $4
e3 {[%cal Ra6b7,Rb7h1]})) 17... Qe8 $1 (17... Qe7 $2 18. f6 $1 Qe6 19. Ba2) 18.
Qf4 (18. Bxd5 $2 cxd5 19. Qxd5 Qb8 $1 $40 {[%csl Re1]}) 18... Bxc4 $15 19. Kf2
(19. f6 gxf6 20. Qxf6 Qe6 $17) 19... f6 {Preventing from white the f5-f6
possibility.} 20. e6 Qe7 (20... Rb8 21. b4 $1 {and white has a good blockade
on black squares.}) 21. b3 $1 {The only move to stir complications before
black's R will occupy the "b" file.} Bxb3 22. Rxc6 Rfc8 (22... Qxa3 $6 23. Rxc7
Rfc8 24. Rhc1 (24. Rxg7+ $2 Kxg7 25. Qh6+ Kg8 26. Qxf6 Ra7) 24... Bc4 25. Rb1
$36) 23. Rhc1 (23. Rb1 Qxa3 24. Rxc7 Rxc7 25. Qxc7 Qa2 $17) 23... Bc4 ({
Deserved attention} 23... Qxa3 24. Rxc7 Bc4 {, however it looks dangerous for
black, since the white R on the 7th rank is very annoying.}) 24. a4 (24. Rb1
Qxa3 25. Rxc7 Qd3 (25... Ba6 26. Bc3 Kh8 27. Kg1 $13) {[%tqu "En","How should
white continue?","","","c7g7","",5]} 26. Rxg7+ $1 Kxg7 27. Rb7+ Kh8 28. Rxh7+
Kxh7 29. Qh6+ Kg8 30. Qg6+ $11) 24... Rab8 $6 {It was not necessary to give
the Pa5 so early.} (24... Ra7 $1 $15 {defending the Pc7.} 25. Qe3 (25. Be3 $6
Rb7 26. Bc5 $2 Qe8 {[%csl Rc6]}) (25. Qd4 Rb7) (25. Kg1 Qe8) 25... Rb7 26. Bxa5
{[%csl Ya3]} Qe8 $1 27. Qc5 $2 Rb2+ 28. Kg1 Qh5 $19 {[%csl Rg1]}) 25. Bxa5 {
[%csl Rc7]} Rb7 26. Bd2 {[%cal Ga4a5]} Qa3 27. a5 Qd3 28. Kg1 {White has
completed the artificial castle.} Rb2 (28... Rb1 $6 29. Rxb1 Qxb1+ 30. Kg2) 29.
Be3 (29. Rxc7 Rxc7 30. Qxc7 Qd4+ (30... h6 31. Qf7+ Kh7 32. Qg6+ $11) 31. Kh1
Qe4+ 32. Kg1 Qd4+ $11) 29... Re2 30. Bf2 h6 $1 (30... Re5 $2 31. a6 $1 Rxf5 (
31... Bxa6 32. Qa4 $1 Bb5 33. Rxc7 $18) 32. Qxc7 $3 Rxc7 33. Rxc7 h5 34. a7 Qd2
35. a8=Q+ Kh7 36. Rxg7+ $1 Kxg7 37. Qa7+ Kg6 38. Be3 $18) (30... Re4 $2 31.
Rxc7 $1) (30... h5 {is also possible, but compared with what happened in the
game later, it makes no difference with 30...h6.}) 31. Kg2 {[%cal Yf4f3]} Rb8
$1 {This actually leads to a perpetual check by force.} (31... Rc2 32. Re1 $14)
32. Rxc7 Rbb2 {All black pieces are ready to "capture" the white K, but now
white saves himself by the rook sacrifice...} 33. Rxg7+ $1 Kxg7 34. Qc7+ Kh8
35. Qd8+ Kh7 36. Qe7+ Kg8 37. Qf7+ Kh8 38. Qxf6+ Kh7 39. Qg6+ Kh8 40. Qxh6+ Kg8
41. Qg6+ Kh8 1/2-1/2

[Event "EU-ch 2nd"]
[Site "Ohrid"]
[Date "2001.06.01"]
[Round "1"]
[White "Godena, Michele"]
[Black "Sturua, Zurab"]
[Result "0-1"]
[WhiteElo "2494"]
[BlackElo "2600"]
[Annotator "Postny,E"]
[PlyCount "78"]
[EventDate "2001.06.01"]
[EventType "swiss"]
[EventRounds "13"]
[EventCountry "YUG"]
[SourceTitle "CBM 084"]
[Source "ChessBase"]
[SourceDate "2001.09.13"]
[SourceVersion "1"]
[SourceVersionDate "2001.09.13"]
[SourceQuality "1"]

1. e4 e5 2. Nf3 Nc6 3. d4 exd4 4. Nxd4 Bc5 5. Nxc6 Qf6 6. Qd2 dxc6 7. Nc3 Ne7
8. Na4 (8. Qf4 {is the other popular continuation.}) 8... Bd6 9. f4 O-O 10. Qf2
(10. e5 $2 {was falling into a small trap:} Bxe5 11. fxe5 Qh4+ {[%csl Ra4,Re1]
[%cal Gh4a4]}) 10... Re8 $6 {This move seems to me too ambitious.} (10... Ng6
11. g3 Re8 12. Bd3 Bb4+ 13. c3 Bf8 14. Be3 b5 15. Nc5 Bf5 16. O-O Bxc5 17. Bxc5
Bxe4 18. Bxe4 Rxe4 19. Bxa7 Rae8 20. Rae1 h6 {1/2-1/2 Hamdouchi,H-Romanishin,O/
Saint Vincent 2000/CBM 74 ext (20)}) (10... Qe6 11. Bd3 f5 12. e5 Nd5 13. O-O
Be7 14. Nc5 (14. a3 $1 $14) 14... Qf7 15. a3 Bxc5 16. Qxc5 Be6 17. Rd1 Rfd8 18.
Be2 Qe8 19. c4 b6 20. Qf2 Ne7 21. Be3 a5 $11 {1/2-1/2 Macieja,B-Grabarczyk,M /
Warsaw 2001/CBM 82 (49)}) 11. Bd3 Nd5 $146 (11... Ng6 12. O-O b5 13. Nc3 Qe7
14. Be3 Bb4 15. a4 Bxc3 16. bxc3 bxa4 17. Rxa4 a6 18. Bc5 Qd8 19. Rd4 Bd7 20.
Qg3 $16 {1-0 Hennigan,M-Flear,G/England 1999/EXT 2000 (37)}) 12. O-O b5 13. Nc5
$6 ({It's unclear why white refrained from the following variation:} 13. exd5
bxa4 14. dxc6 Be6 (14... a3 15. Rb1 Rb8 16. b3 Qc3 17. Qf3 $16) (14... Qe7 {
[%cal Gd6c5]} 15. Kh1 $16) 15. Be3 $1 Bd5 (15... Qxb2 $2 16. Bd4 Qb4 17. Rfb1
$1 Qa3 18. Qg3 Bf8 (18... f6 19. Bxf6 Qc5+ 20. Kh1 Bf8 21. Rb5 Qxc6 22. Rh5 $18
) {[%tqu "En","Find the winning combination for white.","","","d4g7","",5]} 19.
Bxg7 $1 Bxg7 20. Bxh7+ $18 {[%csl Ra3][%cal Gg3a3]}) 16. Bxa7 $16) 13... Nb4
14. a3 ({Worse is} 14. e5 {because after} Bxc5 15. Qxc5 Nxd3 16. cxd3 Qg6 {
black has good counterplay on the white squares.}) 14... Nxd3 15. cxd3 Bxc5 16.
Qxc5 Qd6 17. Qc3 $1 (17. Qxd6 $11) 17... c5 18. f5 $6 (18. Be3 $142 c4 19. dxc4
bxc4 20. Rad1 Qc6 21. Bd4 $14) 18... c4 19. dxc4 $6 {White shouldn't break his
central pawns chain.} (19. Rf3 c5 (19... Bb7 20. Bf4 Qb6+ 21. Be3 Qd6 22. Rg3
f6 23. dxc4 Bxe4 24. cxb5 Bxf5 25. Rc1 $14) 20. Rg3 Qd4+ 21. Qxd4 cxd4 22. Bh6
g6 {with dinamically balanced endgame.}) 19... Rxe4 20. c5 $2 {White loses his
sense of danger.He thinks is still "attacking" when in fact the opposite is
true.} (20. cxb5 Qb6+ 21. Kh1 Qxb5 $17) ({The right choice was:} 20. Be3 $1
Rxc4 21. Rad1 Rxc3 22. Rxd6 cxd6 23. bxc3 {and the opposite colour bishops
gives white good chances to save the game.}) 20... Qc6 21. f6 Bb7 {[%csl Rg2]}
22. Qg3 (22. Rf2 Rae8 23. Bd2 Rg4 24. Qh3 Rg6 $40 {[%csl Rc5,Rg2]}) 22... Qxc5+
23. Kh1 g6 {-+} 24. Bh6 Re2 25. Rg1 Qh5 $6 {Black "sells his position short".
Instead of keeping a total domination of the position he gives white
unnecessary counterchances.} (25... Rae8 $142 26. Rac1 Qd4 $19) 26. Qxc7 Bxg2+
(26... Rxg2 $144) 27. Rxg2 Rxg2 28. Kxg2 Qxh6 29. Qe5 $1 {Centralization-is
the only chance!} Qd2+ 30. Kg1 h5 (30... h6 {[%csl Yg5][%cal Gh6g5] was
slightly better.}) 31. Re1 Rf8 (31... Rc8 $142) 32. Re2 Qc1+ 33. Kf2 Qc6 34.
Qf4 Kh7 35. Re7 Qc2+ 36. Kg3 Qb3+ 37. Kh4 $2 ({Much more stubborn was} 37. Qf3
Qxb2 38. Rxa7) 37... g5+ $4 {It's seems that black has temporarily(?) lost his
mind.He "finds" one of the only losing moves in his winning position!} (37...
Rd8 $19 {[%cal Gd8d3]}) 38. Kxg5 $4 {Read the previous note with opposite
colours!} (38. Qxg5 $18) 38... Rg8+ 39. Kf5 Rg4 {A dramatic finish!} 0-1